Normal view
MARC view
- Dr. Salman Nisar
Entry Personal Name
001 - CONTROL NUMBER
- control field: 29577
003 - CONTROL NUMBER IDENTIFIER
- control field: NUST
005 - DATE AND TIME OF LATEST TRANSACTION
- control field: 20200828160502.0
008 - FIXED-LENGTH DATA ELEMENTS
- fixed length control field: 200828|| aca||aabn | a|a d
040 ## - CATALOGING SOURCE
- Original cataloging agency: NUST
- Transcribing agency: NUST
100 ## - HEADING--PERSONAL NAME
- Personal name: Dr. Salman Nisar
670 ## - SOURCE DATA FOUND
- Source citation: Work cat.: (NUST): Zaman, Abdul Saboor 29575, Reduction of Changeover Time in Pressure Die Casting Process at an Automotive parts Manufacturer using SMED Methodology /, 2016.
